000
00296nam a22001337a 4500
008
171101b xxu||||| |||| 00| 0 eng d
020
_a
783254066878
041
_a
eng
080
_a
33
100
_a
59
101
_a
BUS
245
_a
STARTING YOUR OWN BUSINESS
_c
HARPER.S.C
942
_2
udc
_c
BK
999
_c
37002
_d
37002